Statistics for Largest Cities in Denmark

Click here to take the quiz!

General Stats

  • This quiz has been taken 14 times
  • The average score is 5 of 9

Answer Stats

Answer % Correct
Copenhagen
100%
Aarhus
92%
Odense
92%
Aalborg
75%
Esbjerg
50%
Nuuk
17%
Frederiksburg
8%
Torshavn
8%
Billund
8%

Score Distribution

Percentile by Number Answered

Percent of People with Each Score

Your Score History

You have not taken this quiz